000 00363pab a2200157 454500
008 180718b2012 xxu||||| |||| 00| 0 eng d
100 _aAnand, Vinod
245 _aScenario of agricultural production
260 _c2012
300 _ap.29-30.
362 _a4 Aug
650 _aAgricultural production
773 _aMainstream
908 _aN
909 _a97334
999 _c97334
_d97334